Normal view
MARC view
Entry Personal Name
001 - CONTROL NUMBER
- control field: 55092
003 - CONTROL NUMBER IDENTIFIER
- control field: dpl
005 - DATE AND TIME OF LATEST TRANSACTION
- control field: 20130213143127.0
008 - FIXED-LENGTH DATA ELEMENTS
- fixed length control field: 130213|||a|||||| | ||| d
040 ## - CATALOGING SOURCE
- Original cataloging agency: dpl
- Transcribing agency: dpl
100 ## - HEADING--PERSONAL NAME
- Personal name: Snyder, Mike
670 ## - SOURCE DATA FOUND
- Source citation: Work cat.: (dpl)59462: Snyder, Mike, Microsoft Dynamics CRM 2011 step by step / , 2012
670 ## - SOURCE DATA FOUND
- Source citation: Work cat.: (dpl)59462: Snyder, Mike, Microsoft Dynamics CRM 2011 step by step / , 2012
